Reportorios y herramientas desobedientes. Las contribuciones del zapatismo a la lucha contrahegemónica /
Ortiz Pérez indaga sobre las contribuciones discursivas del movimiento zapatista. Como se sabe, este movimiento irrumpió en Chiapas y desde entonces ha venido construyendo un discurso de desobedicencia y repertorios, de raíz indígena y proyección global, que ha influenciado profundamente las práctic...
Guardado en:
| Hovedforfatter: | |
|---|---|
| Format: | Texto |
| Fag: | |
| Tags: |
Tilføj Tag
Ingen Tags, Vær først til at tagge denne postø!
|
MARC
| LEADER | 00000 a a2200000 04500 | ||
|---|---|---|---|
| 001 | 39971 | ||
| 003 | |||
| 040 | |||
| 100 | |a Ortiz Pérez, Luisa | ||
| 245 | |a Reportorios y herramientas desobedientes. Las contribuciones del zapatismo a la lucha contrahegemónica / |c Luisa Ortiz Pérez | ||
| 520 | |a Ortiz Pérez indaga sobre las contribuciones discursivas del movimiento zapatista. Como se sabe, este movimiento irrumpió en Chiapas y desde entonces ha venido construyendo un discurso de desobedicencia y repertorios, de raíz indígena y proyección global, que ha influenciado profundamente las prácticas de otros sujetos contrahegemónicos del continente. El zapatismo y su reconstrucción de la identidad indígena como resistencia contrahegemónica primordial han influido en las relaciones al neoliberalismo que vienen avanzando los pueblos originarios, en particular los de la región andina. | ||
| 590 | |a RRA/JULIO2010 | ||
| 650 | |a 1.GUERRA CIVIL | ||
| 650 | |a 2.MEXICO | ||
| 650 | |a 3.POBLACION INDIGENA | ||
| 650 | |a 4.DISCURSOS | ||
| 650 | |a 5.CONFLICTOS SOCIALES | ||
| 773 | |g 129-147 páginas | ||
| 999 | |c 30233 |d 30233 | ||
